ਖਿਮਾ / (Record no. 109719)

MARC details
000 -LEADER
fixed length control field 00893nam a22002537a 4500
005 - DATE AND TIME OF LATEST TRANSACTION
control field 20170123164142.0
010 ## - LIBRARY OF CONGRESS CONTROL NUMBER
LC control number B-210300
020 ## - INTERNATIONAL STANDARD BOOK NUMBER
International Standard Book Number 8182990661
Terms of availability 125.00
035 ## - SYSTEM CONTROL NUMBER
System control number B-210300
037 ## - SOURCE OF ACQUISITION
Source of stock number/acquisition Cen Lib/Ret
040 ## - CATALOGING SOURCE
Original cataloging agency DPL
Language of cataloging PN
082 ## - DEWEY DECIMAL CLASSIFICATION NUMBER
Classification number
Item number ਧੀਰਸੰ
100 ## - MAIN ENTRY--PERSONAL NAME
Personal name ਧੀਰ, ਸੰਤੋਖ ਸਿੰਘ
9 (RLIN) 5807
245 ## - TITLE STATEMENT
Title ਖਿਮਾ /
Statement of responsibility, etc ਸੰਤੋਖ ਸਿੰਘ ਧੀਰ
246 ## - VARYING FORM OF TITLE
Title proper/short title Khima /
Remainder of title by Santokh Singh Dhir
260 ## - PUBLICATION, DISTRIBUTION, ETC. (IMPRINT)
Place of publication, distribution, etc ਦਿੱਲੀ
Name of publisher, distributor, etc ਆਰਸੀ ਪਬਲਿਸ਼ਰਜ
Date of publication, distribution, etc 2005
270 ## - ADDRESS
Address ਚਾਂਦਨੀ ਚੈਕ
City ਦਿੱਲੀ
Postal code 110006
300 ## - PHYSICAL DESCRIPTION
Extent 120p ;
Dimensions 20cm
650 ## - SUBJECT ADDED ENTRY--TOPICAL TERM
Topical term or geographic name as entry element ਪੰਜਾਬੀ ਕਹਾਣੀਆ
9 (RLIN) 135300
650 ## - SUBJECT ADDED ENTRY--TOPICAL TERM
Topical term or geographic name as entry element ਪੰਜਾਬੀ ਸਾਹਿਤਯ
9 (RLIN) 135301
650 ## - SUBJECT ADDED ENTRY--TOPICAL TERM
Topical term or geographic name as entry element Punjabi - literature
9 (RLIN) 135302
650 ## - SUBJECT ADDED ENTRY--TOPICAL TERM
Topical term or geographic name as entry element Punjabi - Punjabi - story
9 (RLIN) 135303
942 ## - ADDED ENTRY ELEMENTS (KOHA)
Source of classification or shelving scheme Dewey Decimal Classification
Koha item type Punjabi Bks
Classification part
Call number suffix ਧੀਰਸੰ
Holdings
Withdrawn status Lost status Damaged status Not for loan Home library Current library Date acquired Source of acquisition Cost, normal purchase price Total Checkouts Full call number Barcode Date last seen Date checked out Copy number Cost, replacement price Price effective from Koha item type
        Central Library Central Library 31/12/2015 Cen Lib/Ret 125.00 4 ਓ ਧੀਰਸੰ B-210300 22/12/2025 22/12/2025 1 125.00 15/09/2016 Punjabi Bks

© Delhi Public Library
Hit Counter
free hit counter